| 000 | 00523nam a2200169Ia 4500 | ||
|---|---|---|---|
| 999 |
_c35396 _d35396 |
||
| 003 | OSt | ||
| 005 | 20201207132811.0 | ||
| 008 | 190216s9999||||xx |||||||||||||| ||und|| | ||
| 040 | _coclc | ||
| 082 |
_a658.313 _bKUM/E |
||
| 100 |
_aKumar, Yogesh _93334 |
||
| 245 | 0 |
_aEmployees Management Suspension Discharge And Dismissal / _cYogesh Kumar |
|
| 260 |
_bEagle Publications, _c1989. _aNew Delhi: |
||
| 300 | _a88p | ||
| 650 | _aGeneral Libraries | ||
| 942 |
_cREF _2ddc _h658.313 _iKUM/E _k658.313 _mKUM/E |
||